00315nam a2200121Ia 4500003000400000005001700004008004100021020001500062040002700077100002300104245003000127260003600157OSt20240313114152.0170523s9999 xx 000 0 und d a8180140954 cIIMT UNIVERSITY MEERUT aKatiyar & Chaudhry 0aApplied Chemistry (Hindi) aBharat Bharati Prakashan Meerut